000 00512nam a22001577a 4500
999 _c61446
_d61446
005 20240314113115.0
008 240314b xxu||||| |||| 00| 0 geo d
041 _arus
080 _a737 Ф-33
100 _aФёдоров-Давыдов Г.А.
_921427
245 _aМонеты рассказывают /
_cГ.А. Фёдоров-Давыдов.
264 _aМ.:
_bПедагогика,
_c1980.
300 _a112 с.:
_bил.;
_c16 см.
653 _aმონეტები
942 _2udc
_cᲬᲘᲒᲜᲘ